Datum a čas kvízu
28
Celkem bodů
Celkový počet nahraných bodů na tomto kvízu bez doplňovacích otázek.
8.
Pořadí na kvízu
Konečné umístění týmu na tomto kvízu.
Zaznamenané odpovědi
| # | Otázka | Odpověď | Body | Výsledky |
|---|---|---|---|---|
| 1. | Dne 24. dubna oslavila jubilej... | C | 0 | |
| 2. | Ruská plynárenská společnost G... | Polsko, Bulharsko | 1 | |
| 3. | Ve čtvrtek vstoupil do našich... | Promlčeno | 0 | |
| 4. | Tradiční český výrobce letadel... | v Kunovicích | 0 | |
| 5. | Kolikátý mistrovský titul po s... | třetí titul v řadě | 1 | |
| 6. | Při závodech osmiveslic nesmí... | kormidelníka | 0 | |
| 7. | Seřaďte následující zvířata po... | 1C 2A 3D 4B | 0 | |
| 8. | Sféra s 26 otvory, plocha 800... | o florbale | 0 | |
| 9. | Kterou hodnotu určuje číslo 88... | B | 0 | |
| 10. | Křížová cesta je řada kapliček... | 14 zastavení | 0 |